000
00294nam a22001337a 4500
008
180226b xxu||||| |||| 00| 0 eng d
020
_a
0815158394
041
_a
eng
080
_a
617
100
_a
5
101
_a
KIR
245
_a
Plastic and reconstructive surgery
_c
Coy,
942
_2
udc
_c
BK
999
_c
43400
_d
43400